000 00719nam a22002177a 4500
003 DO-SdBNP
005 20171128141951.0
008 171128b 2000 mx ||||| |||| 00| 0 spa d
020 _a9687277378
040 _aBPMSU
_bspa
_cBPMSU
092 _axxxx
_bxxxx
100 1 _aCuauhtémoc Sánchez, Carlos
245 1 0 _aContraveneno /
_cCarlos Cuauhtémoc Sánchez.z.
260 _aTlalnepantla, México :
_bEdiciones Selectas Diamante,
_c2000.
300 _a190 p. ;
_c21 cm.
500 _aTraiciones, rupturas y pérdidas afectivas, intoxican el alma, este libro es un antídoto.
504 _aBibliografía : p. 90
942 _2ddc
_cBK
945 _aInventariado 2017
956 _aLOPEREZ
_b10
_c20171128
_h0041
999 _c13177
_d13177